000 00498nam a22001457a 4500
003 MACL
005 20190423164053.0
008 190423b xxu||||| |||| 00| 0 eng d
040 _cMACL
100 _aगुप्‍त,प्रो. सदानन्‍द प्रसाद
_974378
245 _aसुमित्रानन्‍दन पंत
260 _aगोरखपुर
_bनीलकमल प्रकाशन
_c2016
650 _aरचनावली
_9163
942 _2ddc
_cHIN
999 _c59424
_d59424